[Event "AUTO-ADV-4894"]
[Site "http://www.queenalice.com/game.php?id=1866869"]
[Date "2025.12.10"]
[Round "2"]
[White "Daniel1962"]
[Black "marcoswerneck"]
[Result "1-0"]
[WhiteElo "1791"]
[BlackElo "1878"]

1. e4 e5 2. Nf3 d6 3. Bc4 h6 4. d3 a6 5. Bd5 c6 6. Bb3 Nf6 7. Nh4 Bg4 8. f3 Be6
9. Bxe6 fxe6 10. Ng6 Rh7 11. Nxf8 Kxf8 12. Nd2 Nbd7 13. Nc4 Rc8 14. Nxd6 Rc7 15.
Bd2 a5 16. Bxa5 b6 17. Bc3 c5 18. Nc4 Kf7 19. Nxe5+ Nxe5 20. Bxe5 Rd7 21. Bxf6
Qxf6 22. c3 e5 23. Qa4 Qe6 24. O-O-O g6 25. g4 g5 26. d4 c4 27. d5 Qd6 28. Qxc4
Kf6 29. h4 Kg6 30. Qc8 Rhg7 31. Qe8+ Kh7 32. hxg5 Rxg5 33. Rh3 Rdg7 34. Rh5 Rxh5
35. gxh5 b5 36. Qxb5 Rf7 37. Rg1 Qf6 38. Qe8 Qe7 39. Qg8# 1-0

[Event "AUTO-ADV-4894"]
[Site "http://www.queenalice.com/game.php?id=1866872"]
[Date "2025.12.10"]
[Round "2"]
[White "Daniel1962"]
[Black "Zeca1955"]
[Result "1-0"]
[WhiteElo "1761"]
[BlackElo "1856"]

1. d4 d5 2. Bf4 Nc6 3. e3 Nf6 4. Bb5 Bd7 5. Bxc6 Bxc6 6. Nf3 Ne4 7. Qd3 h6 8.
Ne5 Nd6 9. Nxc6 bxc6 10. Bxd6 Qxd6 11. Nc3 e5 12. dxe5 Qxe5 13. Qa6 1-0

[Event "AUTO-ADV-4894"]
[Site "http://www.queenalice.com/game.php?id=1866873"]
[Date "2025.12.10"]
[Round "2"]
[White "Zeca1955"]
[Black "Daniel1962"]
[Result "1-0"]
[WhiteElo "1889"]
[BlackElo "1753"]

1. e4 e5 2. Nf3 d6 3. Bc4 h6 4. d4 exd4 5. Nxd4 Nf6 6. O-O Nxe4 7. Re1 f5 8. Nc3
Be7 9. Qh5+ Kd7 10. Qxf5+ Ke8 11. Qf7+ Kd7 12. Be6# 1-0

[Event "AUTO-ADV-4909"]
[Site "http://www.queenalice.com/game.php?id=1867283"]
[Date "2025.12.19"]
[Round "1"]
[White "Daniel1962"]
[Black "Capixaba789"]
[Result "0-1"]
[WhiteElo "1778"]
[BlackElo "1822"]

1. d4 d5 2. Bf4 Nf6 3. f3 e6 4. c3 Bd6 5. Bxd6 cxd6 6. Qd3 Nc6 7. Nh3 O-O 8. g4
e5 9. dxe5 dxe5 10. Na3 Re8 11. g5 e4 12. fxe4 Nxe4 13. Bg2 Bf5 14. Bxe4 Bxe4
15. Qg3 Bxh1 16. g6 fxg6 17. Qf4 Qe7 18. Qf2 Be4 19. O-O-O a6 20. Rg1 Ne5 21.
Nf4 b5 22. h4 b4 23. cxb4 Rac8+ 24. Kd2 Qxb4+ 25. Ke3 Qxb2 26. Nb1 Bxb1 27. Nxd5
Bxa2 28. Nf6+ gxf6 29. Kf4 Nd3+ 0-1

[Event "AUTO-ADV-4909"]
[Site "http://www.queenalice.com/game.php?id=1867284"]
[Date "2025.12.19"]
[Round "1"]
[White "Capixaba789"]
[Black "Daniel1962"]
[Result "1/2-1/2"]
[WhiteElo "1895"]
[BlackElo "1778"]

1. d4 d5 2. Nc3 c6 3. f4 Bf5 4. Nf3 Nf6 5. e3 Ne4 6. Nxe4 Bxe4 7. Be2 e6 8. O-O
Nd7 9. c3 h6 10. b4 Nb6 11. Bb2 Nc4 12. Bc1 g5 13. Ne5 Bd6 14. Nxc4 gxf4 15.
Nxd6+ Qxd6 16. Rxf4 Rg8 17. Bf3 Bxf3 18. Qxf3 O-O-O 19. Rxf7 Rg6 20. Ba3 Rdg8
21. g3 Rxg3+ 22. hxg3 Rxg3+ 23. Qxg3 Qxg3+ 24. Kf1 Qxe3 25. Bb2 Qd2 26. Rf2 Qg5
27. a4 h5 28. Re1 Kd7 29. Bc1 Qg4 30. Bf4 Qh3+ 31. Ke2 Qxc3 32. Be5 Ke8 33. Rg1
Qc2+ 34. Kf1 Qxa4 35. Rg8+ Ke7 36. Rg7+ Ke8 37. Rg8+ Ke7 38. Rg7+ Ke8 39. Rg8+
1/2-1/2

[Event "AUTO-ADV-4911"]
[Site "http://www.queenalice.com/game.php?id=1867623"]
[Date "2026.1.7"]
[Round "1"]
[White "Carlos19"]
[Black "Daniel1962"]
[Result "0-1"]
[WhiteElo "1691"]
[BlackElo "1798"]

1. e4 e5 2. Nf3 d6 3. Bc4 h6 4. d3 Bg4 5. h3 Bxf3 6. Qxf3 Nf6 7. Nc3 Nc6 8. g4
g5 9. h4 gxh4 10. Rxh4 Nd4 11. Qd1 Nd7 12. Rh3 Qf6 13. g5 hxg5 14. Bxg5 Qxg5 15.
Rxh8 Nxc2+ 16. Qxc2 Qg1+ 17. Ke2 Qxa1 18. Nb1 O-O-O 19. Bxf7 Be7 20. Rxd8+ Kxd8
21. Kd2 Bg5+ 22. Kc3 c5 23. Kb3 b5 24. a3 a5 25. Qd1 a4+ 26. Kc2 b4 27. Qd2 Bxd2
28. Nxd2 bxa3 29. bxa3 Qxa3 30. Bc4 Nb6 31. Nb1 Qa1 32. Kc1 Nxc4 33. Kc2 Qb2+
34. Kd1 Qxb1+ 35. Ke2 a3 0-1

[Event "AUTO-ADV-4912"]
[Site "http://www.queenalice.com/game.php?id=1867874"]
[Date "2026.1.11"]
[Round "1"]
[White "Daniel1962"]
[Black "marcoswerneck"]
[Result "1-0"]
[WhiteElo "1822"]
[BlackElo "1889"]

1. e4 e5 2. Bc4 Nf6 3. f3 d6 4. Nc3 a6 5. d4 Be7 6. dxe5 dxe5 7. Bg5 Qxd1+ 8.
Nxd1 Nc6 9. Ne3 Nd4 10. O-O-O h6 11. Bxf6 Bxf6 12. Nd5 Ne6 13. Nxf6+ gxf6 14.
Ne2 Bd7 15. Rd3 O-O-O 16. Nc3 Bc6 17. Bxe6+ fxe6 18. b3 f5 19. Rxd8+ Rxd8 20.
exf5 exf5 21. h3 h5 22. g4 fxg4 23. hxg4 Bxf3 24. gxh5 e4 25. Re1 Bxh5 26. Rxe4
c6 27. Na4 Rd1+ 28. Kb2 Kd8 29. Nc5 Bg6 30. Rg4 Bf5 31. Nxb7+ Kc7 32. Rg7+ Kb6
33. a4 Rd2 34. a5+ Kb5 35. Rg5 Rxc2+ 36. Ka3 Rc5 37. Nxc5 Kxc5 38. Rxf5+ Kd6 39.
b4 Kc7 40. Kb3 Kb7 41. Kc4 Kc7 42. Kc5 Kb7 43. Rf7+ Ka8 44. Kb6 c5 45. Rf8# 1-0

[Event "AUTO-ADV-4912"]
[Site "http://www.queenalice.com/game.php?id=1867875"]
[Date "2026.1.11"]
[Round "1"]
[White "marcoswerneck"]
[Black "Daniel1962"]
[Result "1-0"]
[WhiteElo "1865"]
[BlackElo "1804"]

1. e4 e6 2. e5 d5 3. d4 Nc6 4. c3 Nge7 5. Nf3 Nf5 6. Bd3 a6 7. Bg5 f6 8. Bf4 h6
9. Qe2 fxe5 10. Bxe5 Nxe5 11. Nxe5 Qe7 12. Qh5+ Kd8 13. Nf7+ Kd7 14. Nxh8 Kc6
15. Ng6 Qd8 16. Nxf8 Qxf8 17. Bxf5 exf5 18. O-O Bd7 19. Qd1 g5 20. Nd2 f4 21.
Nf3 g4 22. Ne5+ Kd6 23. Nxd7 Kxd7 24. Qxg4+ Kc6 25. Qf3 b5 26. a4 bxa4 27. Rxa4
Kb5 28. Rb4+ Kc6 29. Qh5 a5 30. Qg6+ Kd7 31. Rb5 c6 32. Rb7+ Kc8 33. Qxc6+ Kd8
34. Qd7# 1-0

[Event "AUTO-ADV-4912"]
[Site "http://www.queenalice.com/game.php?id=1867876"]
[Date "2026.1.11"]
[Round "1"]
[White "Daniel1962"]
[Black "EdsonEstevam"]
[Result "1-0"]
[WhiteElo "1784"]
[BlackElo "1723"]

1. e4 e5 2. Nf3 Nc6 3. Bc4 h6 4. d4 d6 5. Nc3 Nf6 6. dxe5 dxe5 7. Bb5 Bd7 8.
Bxc6 Bxc6 9. Nxe5 Bxe4 10. Qxd8+ Rxd8 11. Nxe4 Nxe4 12. O-O Bd6 13. Bf4 O-O 14.
f3 Nd2 15. Bxd2 Bxe5 16. Bb4 Rfe8 17. c3 Rd2 18. Ba3 b5 19. Rae1 a5 20. f4 f6
21. fxe5 c5 22. exf6 Rxe1 23. Rxe1 b4 24. cxb4 axb4 25. Bxb4 cxb4 26. a4 Kf7 27.
fxg7 Kxg7 28. a5 Rxb2 29. a6 Ra2 30. Re6 b3 31. Rb6 b2 32. Rb7+ Kg6 33. a7 Ra1+
34. Kf2 Ra2 35. Rxb2 Rxa7 36. Rb8 Rf7+ 37. Kg3 Kg5 38. Rg8+ Kh5 39. h4 Rf6 40.
Kh3 Rf1 41. g4# 1-0

[Event "AUTO-ADV-4912"]
[Site "http://www.queenalice.com/game.php?id=1867877"]
[Date "2026.1.11"]
[Round "1"]
[White "EdsonEstevam"]
[Black "Daniel1962"]
[Result "0-1"]
[WhiteElo "1714"]
[BlackElo "1810"]

1. e4 e6 2. d4 d5 3. Nc3 Bb4 4. Bd2 dxe4 5. a3 Bxc3 6. Bxc3 Nf6 7. Qd2 Ng4 8. h3
Nf6 9. Ne2 Nc6 10. Ng3 Nd5 11. Nxe4 a6 12. Bc4 Nxc3 13. Qxc3 Nxd4 14. f4 b5 15.
O-O-O bxc4 16. Rxd4 Bd7 17. Nc5 Qc8 18. Rxd7 O-O 19. Qxc4 a5 20. g4 Rd8 21.
Rxd8+ Qxd8 22. Rd1 Qh4 23. Kb1 Qxh3 24. Nb7 Qf3 25. Rd8+ Rxd8 26. Nxd8 Qd1+ 27.
Ka2 Qxd8 28. Qc5 h6 29. Qxa5 Qd6 30. Qa4 c5 31. c4 Qxf4 32. Qb5 Qd6 33. Qa5 e5
34. Qa8+ Kh7 35. Qe4+ g6 36. b3 Qd2+ 37. Ka1 Qh2 38. Qd5 Qg1+ 39. Ka2 Qxg4 40.
Qxe5 h5 41. Qxc5 h4 42. Qe7 Kg7 43. c5 h3 44. Qe5+ Kh6 45. c6 Qg2+ 46. Ka1 h2
47. Qh8+ Kg5 48. c7 h1=Q+ 49. Qxh1 Qxh1+ 50. Kb2 Qc6 0-1